Sugestión para un estudio del proyecto de asignaciones familiares /
El documento consiste en el anexo de la sugestión para un estudio del proyecto de asignaciones familiares, en el que se analizan las asignaciones familiares de diversos países, obteniendo la información respecto a las preferencias de los individuos y de las limitaciones para satisfacer las preferenc...
Bewaard in:
| Coauteur: | |
|---|---|
| Formaat: | Texto |
| Taal: | Spanish |
| Gepubliceerd in: |
[San Pedro de M. de O.] :
|
| Onderwerpen: | |
| Tags: |
Voeg label toe
Geen labels, Wees de eerste die dit record labelt!
|
MARC
| LEADER | 00000 a a2200000 04500 | ||
|---|---|---|---|
| 001 | 17290 | ||
| 003 | cru CIDCACS/IIS | ||
| 005 | 20230707101924.0 | ||
| 008 | 161111b xxu||||| |||| 00| 0 spa d | ||
| 040 | |c CIDCACS/IIS | ||
| 090 | |a 02.02.01 S947s | ||
| 110 | |a UCR. Centro de Estudios Sociales y de Población | ||
| 245 | |a Sugestión para un estudio del proyecto de asignaciones familiares / |c UCR. Centro de Estudios Sociales y de Población | ||
| 260 | |a [San Pedro de M. de O.] : | ||
| 300 | |a 9 páginas | ||
| 520 | |a El documento consiste en el anexo de la sugestión para un estudio del proyecto de asignaciones familiares, en el que se analizan las asignaciones familiares de diversos países, obteniendo la información respecto a las preferencias de los individuos y de las limitaciones para satisfacer las preferencias. | ||
| 650 | 0 | |9 944 |a EDUCACION | |
| 650 | 0 | |9 143 |a ECONOMIA | |
| 650 | 0 | |9 7733 |a INGRESOS | |
| 650 | 0 | |9 4677 |a CONSUMO | |
| 650 | 4 | |9 3428 |a DEMOGRAFIA | |
| 650 | 4 | |9 2602 |a POBLACION | |
| 942 | |2 ddc |c LI |h 02.02.01 S947s |i 07673 |6 020201_S947S_07673 | ||
| 999 | |c 10291 |d 10291 | ||
